[Event "EU-ch 6th"]
[Site "Warsaw"]
[Date "2005.06.27"]
[Round "9"]
[White "Sergeev, Vladimir"]
[Black "Zawadzka, Jolanta"]
[Result "0-1"]
[WhiteElo "2458"]
[BlackElo "2383"]
[Annotator "Atlas,V"]
[PlyCount "112"]
[EventDate "2005.06.18"]
[EventType "swiss"]
[EventRounds "13"]
[EventCountry "POL"]
[SourceTitle "CBM 108"]
[Source "ChessBase"]
[SourceDate "2005.09.26"]
[SourceVersion "1"]
[SourceVersionDate "2005.09.26"]
[SourceQuality "1"]

1. e4 c5 2. d3 Nc6 3. g3 g6 4. Bg2 Bg7 5. Nc3 d6 6. Nh3 e6 7. Be3 Nge7 8. Qd2
O-O 9. O-O Nd4 10. Bh6 Rb8 11. Bxg7 Kxg7 12. Nd1 b5 13. c3 Ndc6 14. a3 a5 15.
Ne3 e5 16. f4 f6 17. g4 Bd7 18. Rf3 b4 19. axb4 cxb4 20. Kh1 bxc3 21. bxc3 a4
22. Rff1 (22. d4 {was to be preferred.}) 22... Na5 23. Ra2 Qc8 24. f5 g5 25.
Nf2 Rb3 26. Rc1 Qb7 27. Nd5 Bc6 28. c4 Rb1 29. h4 h6 30. Rxb1 (30. Nc3 {
was more cautious.}) 30... Qxb1+ 31. Kh2 Nb3 32. Qb2 Qxb2 33. Rxb2 Kf7 34. Nc3
Ra8 35. Bf3 Bd7 36. Bd1 Nc5 37. hxg5 hxg5 38. Nb1 Nc6 39. Na3 Nd4 40. Kg1 Ke7
41. Kf1 Kd8 42. Ke1 Kc7 43. Kd2 Rh8 44. Kc3 Rh2 45. Nb1 Bc6 46. Na3 Rg2 47. Rd2
Kb6 48. Nc2 Ndb3 49. Ne3 Rg3 50. Re2 Ka5 51. Bxb3 axb3 52. Re1 Rf3 53. Nfd1 Rh3
54. Nb2 Rh2 55. Ra1+ Kb6 56. Re1 $4 ({The final mistake. After} 56. Nbd1 {
Black still had to solve many technical problems.}) {[%tqu "En","White's last
move was a big mistake. How would you prove it?","Watch out for geometrical
motifs!","Use your rook for the decisive blow.","h2b2","This is a nice touch!",
3]} 56... Rxb2 $1 {[%csl Gb2,Rc3,Gc5,Rd3,Re1][%cal Gc5d3,Gd3e1,Gd3b2] Winning
a piece and the game.} 0-1

[Event "Moscow Aeroflot op-A"]
[Site "Moscow"]
[Date "2006.02.08"]
[Round "1"]
[White "Minasian, Artashes"]
[Black "Timofeev, Artyom"]
[Result "0-1"]
[WhiteElo "2574"]
[BlackElo "2653"]
[Annotator "Babula,V"]
[PlyCount "74"]
[EventDate "2006.02.08"]
[EventType "swiss"]
[EventRounds "9"]
[EventCountry "RUS"]
[SourceTitle "CBM 112"]
[Source "ChessBase"]
[SourceDate "2006.06.07"]
[SourceVersion "1"]
[SourceVersionDate "2006.06.07"]
[SourceQuality "1"]

{[%mdl 4]} 1. e4 c5 2. Nc3 Nc6 3. g3 g6 4. Bg2 Bg7 5. d3 d6 6. f4 {A clever
move order. White waits with the deployment of his Bc1.} ({After} 6. Be3 {
is quite popular} e5) 6... e6 ({Not so good as in the line above is here} 6...
e5 {White postpones the development of his dark squared bishop again with idea
to gain a tempo then, for example} 7. Nh3 Nge7 8. O-O Nd4 (8... O-O 9. f5 $1)
9. Rf2 (9. f5)) 7. Nf3 Nge7 8. Be3 {[%cal Yd3d4] White prepares immediately
the d3-d4 advance.} ({Usually he does it after the castling} 8. O-O O-O 9. Be3
{and after} Nd4 {to parry this threat} ({playable for Black is also} 9... b6 {
, for example} 10. d4 Ba6 11. Re1 Qc7) {it arises the critical position of
this line. Main White's continuation is} 10. e5 {[%csl Rc5,Rd6][%cal Yc3e4]
with idea to open the h1-a8 diagonal for White's Bg2, to close the a1-h8
diagonal for Black's Bg7 and to weaken Black's control under the d4 and c5
squares.} ({Other possibilities are:} 10. Bf2 Nec6 11. Nxd4 Nxd4 (11... cxd4
12. Ne2 {[%cal Yc2c3]} f5 $13) 12. e5 {with the transposition to the main line
10.e5}) (10. Rb1 {[%csl Gb2][%cal Yc3e2]} Rb8 11. Ne2 Nxf3+ 12. Bxf3 b6 $11) ({
After} 10. Qd2 {[%cal Yc3d1] , what happened in our game, Black has two main
moves} Rb8 ({or} 10... Nec6)) 10... Nef5 ({Interesting is also} 10... Bd7 $5 {
[%cal Yd7c6] , for example} 11. Nxd4 cxd4 12. Bxd4 Bc6 $11) ({But weaker is} 
10... Qb6 $6 11. Rb1 Nef5 12. Bf2 Nxf3+ 13. Qxf3 dxe5 14. fxe5 Bxe5 15. Ne4 $36
) 11. Bf2 Nxf3+ 12. Qxf3 {And now Black has two options:} Nd4 ({or} 12... Bd7
13. Qxb7 Rb8 14. Qxa7 Rxb2 15. Rac1 $13) 13. Qd1 dxe5 14. fxe5 Bxe5 15. Ne4 {
and now Black equalises} f5 (15... Qc7 $6 16. c3 $14 {[%csl Rc5]}) 16. Nxc5 Qd6
17. b4 Nc6 18. Rb1 Bd4 $11) 8... Nd4 9. Qd2 (9. O-O O-O {leads to the main
position examined above.}) 9... Nec6 10. O-O O-O 11. Ne1 $6 {White moves his
knight away to avoid its exchange. Then he wants to retreat his Nc3 and play
c2-c3 to get rid of Nd4.} ({Better implementation of the same idea is} 11. Nd1
{, but Black can simply prevent it by the immediate exchange of his Nd4, for
example} Nxf3+ (11... Rb8 $143 $6 12. Ne1 {[%cal Yc2c3]}) 12. Bxf3 Rb8 13. c3
b6 $11 {1/2 Arapovic,V (2370)-Cebalo,M (2510)/Mendrisio 1988/EXT 97 (29)})
11... Qa5 $1 $15 {The correct answer refuting White's idea.} 12. g4 $6 {
This pseudoactive move only weakens White's position.} ({But after} 12. Nd1 $6
{Black has strong} Qa6 $1 {and it doesn't work} 13. c3 $2 {due to} Nb3) ({
Perhaps the best is} 12. Nf3 $142) 12... f5 {The typical reaction.} 13. gxf5
gxf5 14. Kh1 Bd7 15. Nd1 Qxd2 16. Bxd2 fxe4 17. dxe4 Bh6 $15 {Black starts the
siege of White's hanging pawn pair e4, f4.} 18. Rf2 {[%csl Ge2][%cal Yc2c3]} (
18. c3 $2 Ne2 {[%csl Rf4]}) 18... Ne7 19. c3 Ndc6 20. Bh3 $6 (20. b3 $142 {
[%cal Yd1b2,Yb2d3]}) 20... Rad8 {[%csl Gd7]} 21. Ng2 $2 (21. Be3 $142) 21... d5
$17 22. exd5 (22. e5 $2 Nxe5) 22... exd5 23. Bxd7 Rxd7 24. Nde3 Ne5 $1 {
White's defence starts to collapse.} 25. Re2 Nd3 26. Ng4 Bg7 27. Ne5 Bxe5 28.
fxe5 Nf2+ 29. Kg1 Nh3+ 30. Kh1 Nf2+ 31. Kg1 Nh3+ 32. Kh1 Ng6 33. Be3 $6 (33. e6
$142 Re7 $17) 33... Rdf7 $19 {[%cal Yf7f1]} 34. Ree1 (34. Ne1 Nh4 $1 {[%csl
Gg2]}) 34... Nxe5 35. Bxc5 Nd3 $1 36. Nf4 (36. Bxf8 Ndf2#) 36... Ndf2+ 37. Kg2
Nxf4+ 0-1

[Event "ARM-ch 66th"]
[Site "Yerevan"]
[Date "2006.03.18"]
[Round "3"]
[White "Minasian, Artashes"]
[Black "Petrosian, Tigran L"]
[Result "1-0"]
[WhiteElo "2574"]
[BlackElo "2558"]
[Annotator "Babula,V"]
[PlyCount "127"]
[EventDate "2006.03.16"]
[EventType "tourn"]
[EventRounds "9"]
[EventCountry "ARM"]
[EventCategory "11"]
[SourceTitle "CBM 112"]
[Source "ChessBase"]
[SourceDate "2006.06.07"]
[SourceVersion "1"]
[SourceVersionDate "2006.06.07"]
[SourceQuality "1"]

1. e4 c5 2. Ne2 (2. Nc3 Nc6 3. g3 g6 4. Bg2 Bg7 5. d3 d6 6. Nge2) 2... Nc6 3.
Nbc3 g6 4. g3 {White opts for the Closed Sicilian.} (4. d4 cxd4 5. Nxd4 Bg7 {
leads to the Dragon Sicilian}) 4... Bg7 5. Bg2 d6 6. d3 {Usually this position
arises in the move order shown in the line to move 2.} e6 {[%cal Yg8e7]} ({
Other ways of Black's further deployment are} 6... e5) ({or} 6... Nf6) 7. O-O (
7. Be3 Nd4 8. O-O Ne7 {is only a transposition of moves which leads to the
line examined below.}) 7... Nge7 8. Bg5 $5 {This move is more ambitious than} (
8. Be3 {, the critical position arises after} Nd4 (8... O-O 9. d4 $5) 9. Qd2
O-O {White's most common plan is to realize the c2-c3 and d3-d4 advance, for
it he needs to move his Nc3. There are more implementations of this plan:} 10.
Rae1 {(White brings his Ra1 to the play at first)} ({A drawback of the direct
attempt} 10. Nd1 {is the immediate exchange} Nxe2+ $1 11. Qxe2 {, as Black has
then no worries with his Nd4} b6 12. h4 Bb7 13. h5 Qd7 $11 {1/2 Adams,M (2742)
-Timman,J (2605)/Wijk aan Zee 2002/CBM 087 (39)}) ({Therefore White tries} 10.
Nc1 {to avoid the exchange on e2} Rb8 11. Nd1 b5 12. c3 Ndc6 13. d4 c4 $6 14.
Bh6 e5 $2 15. d5 $16 {1-0 McShane,L (2656)-Karjakin,S (2580)/playchess.com INT
2004/CBM 099 ext (38)}) 10... Nec6 $5 (10... Rb8 11. Nd1 b6 12. Nc1 d5 13. c3
Ndc6 14. Bh6 dxe4 15. Bxg7 Kxg7 16. Bxe4 Bb7 17. Ne3 Qc7 18. f4 Rbd8 $11 {
1/2 Short,N (2683)-Leko,P (2725)/Wijk aan Zee 2000/CBM 075 (41)}) 11. Nd1 (11.
Nc1 $6 Nb4 $5 12. Bxd4 cxd4 13. N3e2 Nc6 14. c4 dxc3 15. bxc3 b5 $15 {0-1
Knoppert,E (2375)-Atalik,S (2535)/Tilburg 1993/CBM 039 (29)}) 11... Qa5 $5 12.
Qxa5 Nxa5 13. Nxd4 cxd4 14. Bd2 Nc6 15. f4 Bd7 $11 {0-1 Pokojowczyk,J (2335)
-Polugaevsky,L (2635)/Sochi 1976/MCD (40)}) 8... h6 {This move weakens Black's
kingside.} ({More frequent is} 8... O-O {By} 9. Qd2 {White prepares Bg5-h6 to
exchange the dark squared bishops and then to play f2-f4. There are some
examples:} Nd4 (9... Rb8 10. Bh6 b5 11. Bxg7 Kxg7 12. f4 Nd4 13. Nxd4 cxd4 14.
Ne2 e5 15. c3 dxc3 16. bxc3 f6 17. Kh1 a5 18. Ng1 Be6 19. Nf3 Qc7 20. Rac1 Rbc8
$11 {1/2 Spassky,B (2610)-Karpov,A (2700)/Bugojno 1986/MCL (23)}) (9... Re8 10.
Bh6 Bh8 11. Rae1 Nd4 12. Nc1 {1/2 Milu,R (2425)-Istratescu,A (2545)/Bucharest
1997/CBM 060}) (9... e5 $6 10. Nd5 f6 11. Nxe7+ Nxe7 12. Be3 $1 b6 {[%cal
Yd6d5]} 13. c4 Rb8 14. b4 $14 {Spassky,B (2605)-Fedorowicz,J (2535)/Cannes 1987
}) 10. Nxd4 {An advantage of the position of White is dark squared bishop on
g5, with bishop on e3 this exchange wouldn't be possible.} cxd4 11. Ne2 e5 12.
c3 f6 13. Bh6 dxc3 14. bxc3 Bxh6 15. Qxh6 Be6 16. c4 Qd7 17. a4 f5 $11 {
1/2 Spassky,B (2560)-Andersson,U (2625)/Reykjavik 1988/CBM 010 (21)}) 9. Be3
Nd4 (9... O-O {allows White to make d3-d4} 10. d4 $5 (10. Qd2 Kh7 11. d4)) 10.
Qd2 {[%csl Rh6] Prevents Black to castle.} Nec6 {Black is forced to stay with
his king in the centre so he improves the position of other pieces and he is
prepared to castle later.} ({Other options are:} 10... Bd7 {[%cal Yd7c6]} 11.
Nd1 d5 12. c3 Nxe2+ 13. Qxe2 d4 14. Bd2 O-O $11 {1/2 Smyslov,V-Boleslavsky,I/
Parnu 1947/MCL (42)}) (10... Rb8 {[%cal Yb7b6,Yc8b7]}) ({or even} 10... Qa5 $5)
11. Rab1 {[%cal Ya2a3,Yb2b4]} ({Other plan is} 11. Nd1 {[%cal Yc2c3,Yd3d4]})
11... Rb8 12. a3 a5 {[%csl Gb4] A natural move, but anyway a novelty. Blacks
prevents the b2-b4 advance} ({Already played moves are weaker:} 12... b5 $6 13.
b4 $14 {1/2 Hug,W (2430)-Cifuentes Parada,R (2325)/Thessaloniki 1984/EXT 97-B 
(20)}) (12... Qc7 $6 13. b4 cxb4 (13... b6 14. b5 $14) 14. axb4 $14 {1/2 Eyo
Castro Rial,A (2134)-Soto Gutierrez,A/Ferrol 2002/CBM 089 ext (68)}) 13. a4 {
[%csl Gb5] White gives up the b2-b4 advance and fixates the b5 weakness.} ({
Very interesting alternative is} 13. f4 $5 {, Black is almost forced to answer}
f5 $13 {with a complicated play} (13... O-O $2 14. f5 $1) (13... b6 $2 14. f5
$1) (13... Bd7 $2 14. e5 $1 {[%cal Yc3e4]} dxe5 $140 15. Ne4)) 13... Nb4 $6 {
An inaccuracy, Black underestimates White's answer.} ({After correct} 13... Bd7
$142 $13 {looks promising for White} 14. f4 f5 15. e5 $5) 14. Bxd4 $1 cxd4 15.
Nb5 {[%cal Yc2c3]} Nc6 16. c3 dxc3 $2 ({Necessary is} 16... e5 $142 $14) 17.
bxc3 O-O 18. d4 $16 {White has a great positional advantage, his pieces
dominate.} e5 19. Rfd1 Qe7 20. Qa2 exd4 21. Nexd4 Ne5 $6 (21... Bg4 $142 $5 $16
) 22. h3 {[%csl Gg4]} Rd8 23. f4 Nd7 24. Na7 $18 Kh7 25. Kh2 Qf6 (25... Nc5 26.
Nac6 bxc6 27. Rxb8 $18) 26. Nxc8 Rbxc8 27. Rxb7 h5 28. Nf3 Kg8 29. e5 dxe5 30.
Rdxd7 Rxd7 31. Rxd7 exf4 32. g4 hxg4 33. hxg4 Rf8 34. Qc4 Bh6 35. Rc7 Qd8 36.
Rc6 Kh7 37. Rc5 Qe7 38. Re5 Qd7 39. g5 Bg7 40. Re4 Rc8 41. Qe2 Qg4 42. Qe1 Rc5
43. c4 Rxg5 44. Nxg5+ Qxg5 45. Qf2 f5 46. Re1 Bd4 47. Qf3 Kg7 48. Qh3 Bf2 49.
Rd1 Bg3+ 50. Kh1 Qe7 51. Bf3 Qc7 52. Qf1 Qe7 53. Kg2 Qa3 54. Qe2 Kh6 55. Rh1+
Kg5 56. Rh7 Kf6 57. Qd2 Qf8 58. Qd4+ Kg5 59. Qg7 Qxg7 60. Rxg7 Kf6 61. c5 Kxg7
62. c6 g5 63. c7 g4 64. c8=Q 1-0

[Event "Bundesliga 0506"]
[Site "Germany"]
[Date "2006.01.28"]
[Round "8.1"]
[White "McShane, Luke J"]
[Black "Volokitin, Andrei"]
[Result "0-1"]
[WhiteElo "2605"]
[BlackElo "2666"]
[Annotator "Babula,V"]
[PlyCount "112"]
[EventDate "2005.10.21"]
[EventType "team-tourn"]
[EventRounds "15"]
[EventCountry "GER"]
[SourceTitle "CBM 111"]
[Source "ChessBase"]
[SourceDate "2006.04.04"]
[SourceVersion "1"]
[SourceVersionDate "2006.04.04"]
[SourceQuality "1"]
[WhiteTeam "Werder Bremen"]
[BlackTeam "Katernberg"]
[WhiteTeamCountry "GER"]
[BlackTeamCountry "GER"]

1. e4 c5 2. d3 Nc6 3. g3 Nf6 ({Other main continuation is} 3... d5 4. Nd2 Nf6
5. Bg2) (3... g6 4. Bg2 Bg7 5. f4 d6 6. Nf3 Nf6 7. O-O O-O) 4. f4 g6 5. Bg2 d6
6. Nf3 Bg7 7. O-O O-O {A known position, but we reached it after a strange
move order. Usually it arises after one shown in the line to move 3.} 8. Nc3 {
White stops for the time being the advance of Black's b pawn. Later he plans
to transfer his knight to the kingside via the e2 square.} ({Other main
alternative is} 8. c3 Rb8 9. h3 b5 10. g4 b4 11. c4 $6 e6 12. Nbd2 Nd7 $1 $15 {
0-1 Podinic,V (2415)-Delchev,A (2669)/Bijelo Polje 2005/CBM 110/[Babula,V] (38)
}) ({After} 8. h3 {Black can play immediately} b5 $5 9. g4 ({Black's idea is
to sacrifice an exchange after} 9. e5 dxe5 $5 10. Nxe5 Nxe5 11. Bxa8 (11. fxe5
Nd5 12. c4 Nc7 13. Bxa8 Nxa8 $15) 11... Bxh3 12. Bg2 Bxg2 13. Kxg2 Nc6 $44 {
In both lines White misses seriously his light-squared bishop.}) 9... a5 10. f5
b4 11. Qe1 $6 Ba6 12. Qh4 $2 {White totally ignores the development of his
queenside} c4 $1 $17 {0-1 Fedorov,A (2575)-Kasparov,G (2845)/Wijk aan Zee 2001/
CBM 081/[McShane] (25)}) 8... Rb8 {[%cal Yb7b5] The plans of both sides are
apparent. White will strive to organize an attack on the kingside, whereas
Black will strive to get counterplay on the queenside.} ({The alternative is} 
8... Bg4 $5 {Black wants to exchange his bishop for the knight to strengthen
the control on the long diagonal a1-h8.}) 9. h3 {[%cal Yg3g4]} (9. a4 a6 10. h3
b5 11. axb5 axb5 {leads to the game}) 9... b5 10. a3 {White wants to exchange
the a pawns, but after this exchange Black can penetrate via the open a file.}
({White can of course do without it, for example:} 10. g4 b4 11. Ne2 a5 (11...
c4 12. Be3 Ba6 13. Rf2 Qa5 14. f5 cxd3 15. cxd3 Nd7 16. Nf4 Nc5 $11 {0-1
Kolesnik,E (2393)-Khasin,A (2511)/Koszalin 1999/EXT 2000 (39)}) 12. Be3 Nd7 13.
Rb1 a4 14. b3 axb3 15. axb3 Bb7 16. Qe1 e6 $11 {1/2 Al Modiahki,M (2553)
-Ponomariov,R (2616)/Las Vegas 1999/CBM 072/[Gershon] (38)}) 10... a5 11. Be3
b4 ({Interesting is} 11... Nd7 12. Rb1 Nd4 $5 (12... b4 13. axb4 axb4 14. Ne2 {
is similar to the game}) {, for example} 13. Ne2 e5 14. f5 d5 15. g4 dxe4 16.
dxe4 b4 17. Ng3 Nb6 $13 {0-1 McShane,L (2625)-Zhang Pengxiang (2616)/Tiayuan
2005/CBM 108 (44)}) 12. axb4 axb4 13. Ne2 Nd7 {[%csl Rb2]} (13... Bb7 {is
usually only a transposition}) 14. Qc1 $6 {The queen is here too passive.} ({
The most frequent} 14. Rb1 $142 {is perhaps better, there are examples from
the high level practice:} Ra8 (14... Qb6 15. g4 Ra8 16. Qe1 Nd4 17. Nexd4 cxd4
18. Bf2 e5 19. f5 Ra2 20. g5 Re8 21. Nd2 Qc5 22. Qd1 Qc7 $13 {1-0 Fedorov,
A-Gelashvili,T/Dubai 2002/CBM 087 ext (54)}) (14... Bb7 15. g4 Ra8 16. c4 e6
17. g5 Re8 18. h4 d5 19. e5 Ne7 20. Ng3 Qc7 21. Bf2 Nf5 $13 {1/2 Short,N (2676)
-Kasparov,G (2827)/Zuerich 2001/CBM 083 (41)}) 15. b3 Ra2 16. Nc1 Ra5 17. Qe1
Bb7 18. g4 e6 19. g5 f5 20. gxf6 Nxf6 21. Ne2 Nh5 22. Ng5 Qe7 $13 {1/2-1/2
Rodriguez,A-Milos,G/Sao Paulo 2002/CBM 090 ext (38)}) 14... Bb7 {Technically a
novelty. Black prepares to invade via the a file.} (14... Qb6 15. f5 Ba6 16.
Nf4 Qb7 17. Rf2 Nde5 18. fxg6 $6 hxg6 $11 {1/2-1/2 Riazuelo,G-Shoker,S/France
2003/EXT 2005 (44)}) 15. g4 Ra8 16. Rb1 {White keeps his rook to defend his
queenside.} Ra2 17. Kh1 (17. f5 $5) 17... Ba6 {[%csl Rd3][%cal Yb4b3]} 18. Rd1
{White continues in his idea started with 14.Qc1 and prevents the b4-b3 break
that way, which doesn't spoil his pawn structure. Nevertheless it looks
strange as White moves his forces to the side opposite to that he wants to
attack on. Black takes up the initiative and has an edge.} ({Usually White
prevent the b4-b3 break by playing b2-b3} 18. b3) 18... Qb6 {[%cal Yc6d4]} ({
Looks well} 18... e6 $5 $15 {to prevent f4-f5.}) 19. f5 {[%cal Ye2f4,Yf4d5]}
Nd4 $15 (19... e6 $6 20. Bh6 $1) 20. Nf4 Nxf3 {Black exchanges his knight,} ({
deserves attention to keep it} 20... Bb7 $5) 21. Bxf3 ({Direct} 21. Nd5 $6 {
is premature and doesn't give White anything} Qd8 22. Bxf3 Bb7 (22... e6 $6 23.
Bg5 $1)) 21... Ne5 {This move closes the a1-h8 diagonal and thus frees White's
queen from defend of the b2 pawn.} ({Interesting is} 21... Bb7 $5 22. Rf1 Rfa8)
22. Bg2 Bb7 23. Rf1 Rfa8 ({After} 23... b3 {White answers} 24. c3 {and now
isn't good} g5 $2 {[%csl Rd3] due to} 25. Nh5 Nxd3 26. Qd2 $40) 24. Qd2 Bc6 {
[%cal Yb6b7,Gb7e4]} 25. Qf2 {White transfers his queen to the queenside, but
weakens the d3 pawn.} Qb7 $6 {Black misses the suitable moment for the b4-b3
break.} ({After} 25... b3 $142 $1 26. c3 $140 {is namely very strong} g5 $1 {
and} 27. Nh5 {isn't dangerous for Black anymore due to} Nxd3 28. Qd2 Nxb2 $1 {
, for example} 29. Rxb2 Rxb2 30. Qxb2 Ra2 31. Qb1 Bxc3) 26. Qh4 $13 {Now the
chances are about equal and position is very complicated.} b3 27. cxb3 $1 ({
Bad is} 27. c3 $2 {because of} Nxd3 $1 $17 {, for example} 28. fxg6 hxg6 29.
Nxd3 Bxe4 30. Qf2 Bxg2+ 31. Qxg2 Qxg2+ 32. Kxg2 Bxc3) 27... Re8 $6 {[%csl Ge7]
It is passive and allows White the following strong transfer of his bishop.} (
27... Qxb3 $142 $5 28. Qxe7 Bf8 $13 (28... Nxd3 $6 29. Qxd6 $14) 29. Qf6 $140
Re8 {[%cal Yf8e7]}) 28. Bd2 $1 {[%cal Yd2c3]} Qxb3 29. Bc3 $14 {The tables
have turned, White's position is already slightly better. His dark-squared
bishop is placed here ideally, it covers the b2 weakness and also points to
the Black's kingside. For Black it is very difficult to get counterplay,
whereas White can further improve his position on the kingside.} e6 $6 {
This phase of the game was surely influenced by time-trouble, there are many
errors and inaccuracies.} 30. f6 (30. Nxe6 $5 fxe6 31. f6 {[%cal Yc3e5,Yf6f7]}
Ra7 32. fxg7 Rxg7 $14) 30... Bf8 31. Qg3 $14 {[%cal Yh3h4,Yh4h5] White
prepares the march of his h pawn to open the h file.} Bb5 32. Rfd1 $6 {White's
rook leaves the f file for nothing.} (32. Rbd1 $142) (32. h4 $142) 32... Qa4 $2
{Black wastes precious time.} ({He can fulfil his idea immediately} 32... c4
$142 $6 33. d4 Nd3 $14 34. Nxd3 cxd3 35. Bf1) ({But even better is} 32... Nc6
$142 $5 $13 {[%cal Yc6d4] , for example} 33. g5 Nd4 34. h4 Bc6 35. h5 e5) 33.
h4 $16 c4 ({Now is not enough} 33... Nc6 34. g5 Nd4 35. h5 {and White's attack
comes in first.}) 34. d4 Nd3 35. Bf3 $2 {In respect of the threat Nd3-b2 White
covers his Rd1, but it is not necessary.} ({Correct is} 35. h5 $142 $1 g5 (
35... Nxb2 $4 {doesn't work namely due to} 36. Rd2 $1 {[%csl Rb2,Rb5]}) 36.
Nxd3 cxd3 37. Bf1 $16) 35... e5 $2 (35... Qb3 $142 $14) (35... Nxf4 $142 36.
Qxf4 $14) 36. Nd5 $2 ({Correct is} 36. Nxd3 cxd3 ({after} 36... exd4 {White
has namely very strong} 37. b3 $3 {and he keeps his extra piece}) 37. d5 $16 {
[%csl Rf8] and Black is practically a piece down.}) 36... exd4 $6 (36... Bc6 $5
$15) 37. Bxd4 {[%cal Yd5c3]} Qb3 38. Rd2 Bc6 39. Ne7+ $6 (39. Bg2 $142 $13)
39... Bxe7 40. fxe7 Ne5 ({Isn't better} 40... Nc5 41. Kh2 Nxe4 (41... Bxe4 $6
42. Rf1 {[%cal Gc3h8]}) 42. Bxe4 Qxg3+ 43. Kxg3 Bxe4 44. Rc1 $15) 41. Bc3 Qb7 (
{Very promising looks} 41... Qxc3 $6 42. bxc3 Rxd2 {, but in fact the position
is unclear, for example} 43. Bg2 $13 Rxe7 44. Qf4 {[%csl Rg8][%cal Yh4h5,Yh5h6,
Yf4f6]}) 42. Bg2 $2 {The last mistake decides the game.} (42. Bxe5 $142 dxe5 (
42... Bxe4 $6 43. Bc3 Bxf3+ 44. Kh2 $44 {[%cal Gc3h8]}) 43. Qxe5 $15 Raa8 44.
Rbd1) 42... Bxe4 $19 {The rest is simple.} 43. Rf1 (43. Rxd6 Bxg2+ 44. Qxg2
Qxe7) 43... Bxg2+ 44. Rxg2 Rxe7 45. Kh2 Ra8 46. h5 Rae8 47. Qf4 Qd5 48. Rg3 f6
$1 49. Rf2 Rf7 50. hxg6 hxg6 51. Rh3 g5 52. Qg3 Qe4 53. Rg2 Rh7 54. Rxh7 Qxh7+
55. Qh3 Nf3+ 56. Kg3 Nh4 0-1

[Event "Dortmund-C"]
[Site "Dortmund"]
[Date "1991.??.??"]
[Round "2"]
[White "Padevsky, Nikola Bochev"]
[Black "Mainka, Romuald"]
[Result "0-1"]
[WhiteElo "2425"]
[BlackElo "2430"]
[Annotator "Blatny,P"]
[PlyCount "64"]
[EventDate "1991.03.23"]
[EventType "tourn"]
[EventRounds "9"]
[EventCountry "GER"]
[EventCategory "8"]
[SourceTitle "CBM 023"]
[Source "ChessBase"]
[SourceDate "1991.08.01"]
[SourceVersion "1"]
[SourceVersionDate "1991.08.01"]
[SourceQuality "1"]

1. e4 c5 2. Nc3 Nc6 3. g3 g6 4. Bg2 Bg7 5. d3 d6 6. f4 e6 7. Nh3 (7. Nf3 Nge7
8. O-O O-O $13) 7... Nge7 8. O-O O-O 9. Be3 b6 10. Rb1 $6 Bb7 11. Nf2 $2 (11.
Kh1 $5 d5 12. Bg1 $13) 11... d5 $1 12. Bd2 Qd7 $15 13. e5 f6 14. exf6 Bxf6 15.
Bh3 Rae8 16. Ne2 Nf5 17. c3 Bg7 18. g4 $6 Nh4 $17 {/^a8-h1} 19. Ng3 Qc7 20. Qe2
g5 $1 {><e5} 21. fxg5 Ne5 22. Bg2 Nef3+ 23. Bxf3 Nxf3+ 24. Kh1 Be5 25. Rg1 d4
26. Nfe4 c4 $1 27. Rg2 cxd3 28. Qxd3 Qc6 $19 29. Re2 Nxd2 30. Qxd2 dxc3 31.
bxc3 Bxg3 32. hxg3 Qxe4+ $1 (32... Qxe4+ 33. Rxe4 Bxe4+ 34. Kg1 Bxb1 {/\ Bg6})
0-1